00730 2200277 4500001002100000005001500021035002000036007000300056008004100059020002200100082001200122084001800134100000900152245008000161250001000241260003900251300003500290650002100325700002100346504002500367710001600392990001100408990001100419990001100430990001100441INLIS00000000000587120200708092037 a0010-0720000039ta200708 g 0 ind  a978-979-1950-07-7 a615.882 a615.882 CAC k0 aCACA1 aKumpulan Obat Tradisional Cina /cCaca ,Tim Cahaya, editor, Rachmat Sunnara acet.2 aJakarta :bRama Edukasitama,c2010 aiv, 92 hlm. :bilus. ;c25 cm. 4aOBAT TRADISIONAL0 aRACHMAT, Sunnara aBibliografi : hlm.920 aTIM, Cahaya a7488 a a7488 b a7488 c a7488 d